00467 2200169 4500001002100000008004100021035002000062245005800082100001400140260003900154300001300193020002200206084001600228082000800244650002700252990001800279INLIS000000000000445 ind  a0010-0724000445 aMenjawab Problematika Orangtua ABG & RemajacAyah Edy aEdy, Ayah aJakarta :bPT. Mizan Publikac2015 a311 hlm. a978-602-385-015-0 a158.2 AYA m a158 aHubungan Antar Pribadi aP29/CP/24/445